000 00581nam a22002297a 4500
003 UA-OsUOA
001 39142
007 ta
008 20080311b un ||||| |||| 00| 0 ukr d
090 _a050
_bБ98
942 _cMG
040 _aUA-OsUOA
_bukr
_cUA-OsUOA
_dUA-OsUOA
245 _aБюлетень КІУСу. Канадський інститут українських студій
300 _a117 с.
955 _a1
041 _aukr
080 _a050
260 _aЕдмонтон
_bКІУС
310 _a2005: Осінь
650 7 _2UDC
999 _c437660
_d437660